World Capitals in Order by Closest Distance - Statistics

General Stats
  • This quiz has been taken 1,146 times
  • The average score is 86 of 200
Answers on the Map
Answers color-coded by a green-red scale on the quiz's map according to % correct below.
 
Answer Stats
Distance
from Previous
(km)
Answer % Correct
732.7 Washington, DC
100%
Ottawa Ottawa
98%
552.6 Havana
94%
1541.8 Nassau
92%
809.5 Kingston
88%
479.6 Port-au-Prince
87%
250.8 Santo Domingo
84%
1017.5 Bogota
69%
1121.3 Mexico City
69%
1025.5 Panama City
69%
3012 Brasilia
68%
1041.4 Buenos Aires
68%
1386.4 Caracas
68%
174.0 Guatemala City
68%
4255.1 Lima
68%
730.9 Quito
68%
224.8 San Salvador
68%
1051.1 Asuncion
67%
1080.8 La Paz
67%
203.4 Montevideo
67%
512.2 San Jose
67%
1341 Santiago
67%
414.5 Sucre
66%
239.3 Tegucigalpa
65%
719.0 Georgetown
64%
337.6 Managua
64%
774.5 Basseterre
63%
345.7 Belmopan
63%
342.8 Paramaribo
63%
157.4 Port of Spain
63%
94.5 Saint John's
63%
149.8 Castries
60%
341.3 Bridgetown
60%
208.8 Roseau
59%
135.3 Saint George's
59%
649 Dakar
58%
98.0 Kingstown
58%
580.2 Accra
57%
207 Bissau
57%
358.6 Monrovia
57%
127.4 Freetown
56%
4343.2 Praia
56%
332.2 Conakry
55%
598.6 Abuja
54%
170.2 Banjul
54%
166.7 Lome
54%
4.6 Kinshasa
53%
1078.9 Brazzaville
52%
551.8 Luanda
52%
612.2 Yamoussoukro
52%
29.8 Porto-Novo
51%
263.3 Pretoria
51%
304.2 Sao Tome
51%
1582.4 Windhoek
51%
302 Yaounde
51%
909.1 Cape Town
50%
931.2 Gaborone
50%
2186.9 Harare
50%
443.5 Libreville
50%
131.7 Cotonou
49%
148.2 Maputo
49%
129.1 Bloemfontein
48%
607.4 Lilongwe
48%
397.0 Lusaka
48%
554.5 Nairobi
48%
916.0 Addis Ababa
47%
69.0 Amman
47%
529.9 Ankara
47%
83.2 Beirut
47%
1622.8 Cairo
47%
176.8 Damascus
47%
525.1 Djibouti
47%
893.8 Dodoma
47%
425.1 Jerusalem
47%
939.4 Juba
47%
505.4 Kampala
47%
682.6 Khartoum
47%
378.8 Kigali
47%
611.1 Malabo
47%
430.4 Sana'a
47%
747.6 Bucharest
46%
613.5 Maseru
46%
297.0 Mbabane
46%
241.5 Nicosia
46%
564.7 Asmara
45%
194.5 Belgrade
45%
165.6 Gitega
45%
158.3 Podgorica
45%
76.9 Pristina
45%
303.8 Sarajevo
45%
174.2 Skopje
45%
295.2 Sofia
45%
131.1 Tirana
45%
281.1 Berlin
44%
161.4 Bratislava
44%
318.0 Budapest
44%
355.2 Copenhagen
44%
483.3 Oslo
44%
250.9 Prague
44%
54.8 Vienna
44%
82.1 Helsinki
43%
359.3 Riga
43%
416.3 Stockholm
43%
378.6 Tallinn
43%
401.3 Chisinau
42%
433.6 Kiev
42%
171.8 Minsk
42%
3.6 Rome
42%
285.0 San Marino
42%
226.8 Vatican City
42%
264.0 Vilnius
42%
809.5 Warsaw
42%
801.6 Zagreb
42%
356.9 Bern
41%
117.3 Ljubljana
41%
461.2 Monaco
41%
173.2 Amsterdam
40%
186.6 Brussels
40%
357.9 London
40%
371.6 Luxembourg
40%
158.6 Vaduz
40%
949.7 Algiers
39%
709.0 Andorra la Vella
39%
502.4 Lisbon
39%
493.4 Madrid
39%
343.5 Paris
39%
566.6 Rabat
39%
634.2 Tunis
39%
1109.0 Athens
38%
356.2 Tripoli
38%
400.9 Valletta
38%
448.1 Baku
37%
169.2 Tbilisi
37%
1806.6 Yerevan
37%
536.8 Tehran
36%
669.9 Ashgabat
35%
915.3 Dushanbe
34%
307.1 Tashkent
34%
950.6 Astana
33%
473.3 Bishkek
33%
414.4 Dhaka
33%
366.5 Islamabad
33%
1855.4 Kabul
33%
801.6 Kathmandu
33%
688.8 New Delhi
33%
426.0 Thimphu
33%
986.6 Bangkok
32%
477.2 Hanoi
32%
717.7 Vientiane
32%
905.4 Jakarta
31%
1002.6 Kuala Lumpur
31%
737.9 Naypyidaw
31%
538.9 Phnom Penh
31%
309.0 Singapore
31%
1527.8 Bandar Seri Begawan
30%
808.4 Beijing
30%
1265.0 Manila
30%
197.1 Pyongyang
30%
1483.7 Seoul
30%
1161.7 Taipei
30%
1167.6 Ulaanbaatar
30%
3005.0 Tokyo
29%
3174.5 Ngerulmud
26%
2048.7 Dili
25%
2376.1 Port Moresby
25%
1403.1 Honiara
23%
710.8 South Tarawa
23%
1253.1 Yaren
23%
2326.4 Canberra
22%
655.2 Majuro
22%
1072.9 Suva
22%
2691.0 Wellington
22%
889.2 Apia
21%
2895.3 Funafuti
21%
745.8 Nuku'alofa
21%
1446.5 Palikir
21%
770.7 Male
20%
2173.5 Port Vila
20%
8605.0 Sri Jayawardenapura Kotte
20%
2231.6 Victoria
20%
918.0 Antananarivo
19%
1348.1 Mogadishu
19%
1547.5 Moroni
19%
1056.8 Port Louis
19%
418.0 Abu Dhabi
18%
301.7 Doha
18%
140.7 Manama
18%
4865.6 Muscat
18%
427.1 Riyadh
18%
556.2 Baghdad
17%
2794.4 Dublin
17%
534.2 Kuwait City
17%
2549.1 Moscow
17%
1494.6 Reykjavik
17%
1045.0 Bamako
16%
1410.1 N'Djamena
16%
414.9 Niamey
16%
5143.1 Nouakchott
16%
704.4 Ouagadougou
16%
942.9 Bangui
15%
No matching quizzes found
Score Distribution
Percent of People with Each Score
Percentile by Number Answered
Your Score History
You have not taken this quiz